[Event "AUTO-OPEN-3187"]
[Site "http://www.queenalice.com/game.php?id=1256177"]
[Date "2014.2.13"]
[Round "1"]
[White "acam"]
[Black "Samehada"]
[Result "1-0"]
[WhiteElo "2144"]
[BlackElo "1646"]

1. e4 c5 2. Bc4 d6 3. Nf3 Nc6 4. O-O Bd7 5. Nc3 g6 6. Qe2 Bg4 7. Bxf7+ Kd7 8.
Bc4 Nd4 9. Ne5+ dxe5 10. Qxg4+ Kc7 11. Nd5+ Kb8 12. c3 1-0

[Event "AUTO-INT-2866"]
[Site "http://www.queenalice.com/game.php?id=1287193"]
[Date "2014.6.9"]
[Round "1"]
[White "Samehada"]
[Black "bestb40409"]
[Result "0-1"]
[WhiteElo "1396"]
[BlackElo "1609"]

1. d4 Nf6 2. Nf3 e6 3. e3 b6 4. g3 Bb7 5. Bg2 Be7 6. Nh4 Bxg2 7. Nxg2 d5 8. Nc3
O-O 9. f3 Nbd7 10. e4 c5 11. e5 Ne8 12. Qd3 Rc8 13. Bd2 cxd4 14. Qxd4 Rc4 15.
Qd3 Nxe5 16. Qe3 Qc7 17. Nb5 Bc5 0-1

[Event "AUTO-INT-2866"]
[Site "http://www.queenalice.com/game.php?id=1287194"]
[Date "2014.6.9"]
[Round "1"]
[White "bestb40409"]
[Black "Samehada"]
[Result "1-0"]
[WhiteElo "1616"]
[BlackElo "1389"]

1. e4 c6 2. d4 d5 3. Nc3 Nf6 4. Bd3 Bg4 5. f3 dxe4 6. Bxe4 Nxe4 7. Nxe4 Bf5 8.
Ne2 f6 9. Bf4 e5 10. dxe5 Bxe4 11. fxe4 g5 12. Be3 fxe5 13. Qxd8+ Kxd8 14. Bxg5+
Kc8 15. Rd1 Nd7 16. O-O Kc7 17. Rf7 1-0

[Event "AUTO-INT-2866"]
[Site "http://www.queenalice.com/game.php?id=1287195"]
[Date "2014.6.9"]
[Round "1"]
[White "Samehada"]
[Black "amadeo"]
[Result "0-1"]
[WhiteElo "1428"]
[BlackElo "1511"]

1. d4 d5 2. Nf3 Nf6 3. e3 Nc6 4. Bb5 a6 5. Bxc6+ bxc6 6. Ne5 Bb7 7. Nc3 Qd6 8.
f3 Nd7 9. Nxd7 Qxd7 10. e4 e6 11. e5 Bb4 12. a3 Bxc3+ 13. bxc3 O-O 14. O-O a5
15. a4 Ba6 16. Re1 f6 17. f4 fxe5 18. dxe5 Rf5 19. g4 Rf7 20. Qf3 d4 0-1

[Event "AUTO-INT-2866"]
[Site "http://www.queenalice.com/game.php?id=1287196"]
[Date "2014.6.9"]
[Round "1"]
[White "amadeo"]
[Black "Samehada"]
[Result "1-0"]
[WhiteElo "1524"]
[BlackElo "1411"]

1. e4 c6 2. d3 d5 3. Nd2 Nf6 4. c4 Bg4 5. Be2 Bd7 6. b3 g6 7. Bb2 Qa5 8. Bxf6
exf6 9. exd5 cxd5 10. cxd5 Qxd5 11. Bf3 Qb5 12. a4 Qb4 13. Ne2 Nc6 14. Qc2 Rc8
15. O-O Ne5 16. Qb2 Bg7 17. d4 Nd3 18. Qb1 Qxd2 19. Rd1 Qg5 20. Qxd3 1-0

[Event "AUTO-INT-2866"]
[Site "http://www.queenalice.com/game.php?id=1287197"]
[Date "2014.6.9"]
[Round "1"]
[White "Samehada"]
[Black "Danado"]
[Result "1-0"]
[WhiteElo "1420"]
[BlackElo "1527"]

1. d4 d5 2. Nf3 Nc6 3. c4 Nf6 4. cxd5 Nxd5 5. e4 Nf6 6. d5 Nb8 7. Nc3 Bg4 8. e5
Ng8 9. h3 Bxf3 10. Qxf3 Nd7 11. e6 fxe6 12. dxe6 Nc5 13. Qf7# 1-0

[Event "AUTO-INT-2866"]
[Site "http://www.queenalice.com/game.php?id=1287198"]
[Date "2014.6.9"]
[Round "1"]
[White "Danado"]
[Black "Samehada"]
[Result "1-0"]
[WhiteElo "1496"]
[BlackElo "1442"]

1. e4 c6 2. d4 d5 3. exd5 cxd5 4. Nc3 Nf6 5. h3 e6 6. Bg5 Bb4 7. Ne2 Nc6 8. a3
Bxc3+ 9. Nxc3 Qa5 10. Bxf6 gxf6 11. Bb5 a6 12. Bxc6+ bxc6 13. O-O e5 14. dxe5
fxe5 15. Re1 d4 16. Ne4 Ke7 17. Qf3 f5 18. Ng5 Qd5 19. Qxd5 cxd5 20. Rxe5+ Kf6
21. Nf3 Bb7 22. Ree1 Rhg8 23. Nxd4 1-0

[Event "AUTO-INT-2867"]
[Site "http://www.queenalice.com/game.php?id=1287781"]
[Date "2014.6.12"]
[Round "1"]
[White "beckhamf2000"]
[Black "Samehada"]
[Result "0-1"]
[WhiteElo "1308"]
[BlackElo "1376"]

1. e4 c5 2. Nf3 Nc6 3. d4 cxd4 4. Nxd4 e5 5. Nb5 Qa5+ 6. N1c3 a6 7. Nd6+ Bxd6 8.
Qf3 Nd4 9. Qg3 g6 10. Bd3 b5 11. O-O Bb7 0-1

[Event "AUTO-INT-2867"]
[Site "http://www.queenalice.com/game.php?id=1287782"]
[Date "2014.6.12"]
[Round "1"]
[White "Samehada"]
[Black "sccp1910"]
[Result "0-1"]
[WhiteElo "1400"]
[BlackElo "1699"]

1. e4 b6 2. Bb5 e5 3. Nf3 Bc5 4. d3 Nf6 5. Nxe5 O-O 6. Bg5 h6 7. Bxf6 Qxf6 8. d4
d6 9. Nf3 a6 10. dxc5 Qxb2 11. Nbd2 axb5 12. cxb6 Ba6 0-1

[Event "AUTO-INT-2867"]
[Site "http://www.queenalice.com/game.php?id=1287783"]
[Date "2014.6.12"]
[Round "1"]
[White "sccp1910"]
[Black "Samehada"]
[Result "1-0"]
[WhiteElo "1711"]
[BlackElo "1415"]

1. e4 c5 2. c3 Nc6 3. Nf3 d6 4. Bc4 Bg4 5. h3 Bxf3 6. Qxf3 Ne5 7. d4 Nxf3+ 8.
gxf3 Qb6 9. Nd2 Nf6 10. e5 dxe5 11. dxe5 Nd7 12. f4 1-0

[Event "AUTO-INT-2867"]
[Site "http://www.queenalice.com/game.php?id=1287784"]
[Date "2014.6.12"]
[Round "1"]
[White "Samehada"]
[Black "Mariojose"]
[Result "0-1"]
[WhiteElo "1382"]
[BlackElo "1712"]

1. d4 c6 2. Nc3 d6 3. Nf3 h6 4. e4 Bg4 5. e5 dxe5 6. dxe5 Qxd1+ 7. Kxd1 e6 8. h3
Bxf3+ 9. gxf3 Ne7 10. Bd3 Nd5 11. Rg1 Nxc3+ 12. bxc3 g6 0-1

[Event "AUTO-INT-2867"]
[Site "http://www.queenalice.com/game.php?id=1287785"]
[Date "2014.6.12"]
[Round "1"]
[White "Mariojose"]
[Black "Samehada"]
[Result "1-0"]
[WhiteElo "1715"]
[BlackElo "1379"]

1. e4 c5 2. Bc4 Nc6 3. c3 d6 4. Qh5 g6 5. Qd5 Be6 6. Qd3 Nf6 7. Bb5 a6 8. Bc4 b5
9. Bxe6 fxe6 10. Nf3 c4 11. Qe2 d5 12. O-O Nxe4 13. Na3 1-0

[Event "Challenge"]
[Site "http://www.queenalice.com/game.php?id=1311826"]
[Date "2014.10.1"]
[Round "-"]
[White "Samehada"]
[Black "Iceberg"]
[Result "1-0"]
[WhiteElo "1409"]
[BlackElo "1100"]

1. d4 Nf6 2. Nf3 Ne4 3. e3 d5 4. Bd3 Bg4 5. h3 Bxf3 6. Qxf3 Ng5 7. Qe2 Nd7 8. h4
Ne6 9. Nc3 g6 10. Nxd5 f5 11. c3 c6 12. Nb4 Qa5 13. Bc4 c5 14. a3 Rc8 15. Bxe6
cxb4 16. cxb4 Qc7 17. O-O f4 18. e4 Bg7 19. e5 Rd8 20. Bxf4 Rf8 21. g3 Qb6 22.
Qe3 Nb8 23. Rfd1 Nc6 24. Bh6 Rxd4 25. Bxg7 Rxf2 26. Qxf2 Kd8 27. Qf8+ Kc7 28.
Qc8# 1-0

[Event "Challenge"]
[Site "http://www.queenalice.com/game.php?id=1312771"]
[Date "2014.10.5"]
[Round "-"]
[White "Samehada"]
[Black "Iceberg"]
[Result "1-0"]
[WhiteElo "1413"]
[BlackElo "1055"]

1. d4 e6 2. e4 Nf6 3. e5 Bb4+ 4. Bd2 Nc6 5. exf6 g5 6. Bb5 Qxf6 7. c3 a6 8. Bxc6
bxc6 9. cxb4 h5 10. Bc3 d5 11. Qf3 Rh6 12. Nh3 g4 13. Qxf6 Rxf6 14. Ng5 a5 15.
O-O a4 16. Bd2 Rg6 17. Re1 Kd7 18. Nxf7 Ke8 19. Ne5 Rg8 20. Nxc6 h4 21. Nc3 h3
22. Re5 Rg6 23. Nxd5 a3 24. Nxc7+ Kd7 25. Nxa8 axb2 26. Rb1 g3 27. fxg3 Kxc6 28.
Rxb2 Rf6 29. Rc2+ Kb7 30. Rc7+ Kxa8 31. Rxc8+ Kb7 32. Rcc5 Kb8 33. Rc6 Rf7 34.
Rexe6 Ra7 35. Re8+ Kb7 36. Rh6 Rxa2 37. Re7+ Kc8 38. Rh8# 1-0